Word Ladder: Matchbox Twenty Songs Quiz Stats

 Plays Quiz Updated Sep 25, 2016

Challenge
Share
Tweet
Embed
Score 0/26 Timer 03:00
1 Play Today
Hint 4-Letter Word % Correct
Ice cream holderCONE
97.9%
♫ Matchbox Twenty song 'How Far We've ___ ' ♫
or Part of the Lord's Prayer, 'thy Kingdom ___'
♫COME♫
97.8%
A model might strike this before a cameraPOSE
97.6%
♫ Matchbox Twenty song 'If You're ___' ♫
or Gillian Flynn novel, '___ Girl'
♫GONE♫
97.3%
Period between Ash Wednesday and EasterLENT
97.3%
♫ Matchbox Twenty song '___' ♫
or To shove someone
♫PUSH♫
97.1%
Victoria Beckham, as a Spice GirlPOSH
96.9%
A tiny opening of the skinPORE
96.6%
You might trip if this part of your shoe isn't tiedLACE
96.6%
Ode of Remembrance phrase '___ We Forget'LEST
96.4%
Clinton's Vice PresidentGORE
96.1%
♫ Matchbox Twenty song '___' ♫
or No longer straight
♫BENT♫
95.9%
Breakfast, lunch, or dinner, e.g.MEAL
95.3%
Hint 4-Letter Word % Correct
A bird's protrusionBEAK
95.3%
♫ Matchbox Twenty song '___ Beautiful Girl' ♫
or In the final place
♫LAST♫
94.9%
♫ Matchbox Twenty song '____ 2 Good' ♫
or The rear of something
♫BACK♫
94.8%
♫ Matchbox Twenty song '____ World' ♫
or Completely genuine
♫REAL♫
94.8%
To peruse a newspaper or other textREAD
94.3%
A deficiency or shortageLACK
94%
To strike or beat with a whipLASH
93.8%
A component of a necklaceBEAD
93.8%
Having luxurious foliageLUSH
93.7%
♫ Matchbox Twenty song 'She's So ____' ♫
or A mathematical average
♫MEAN♫
92.2%
Single-word named Grammy winning songwriter of 'Loser'BECK
92%
UncoolLAME
89.3%
Togo's capitalLOMÉ
87.8%

Today's Daily Dose

You're not logged in!

Compare scores with friends on all Sporcle quizzes.
OR
Log In

You Might Also Like...

Show Comments

Extras

Top Quizzes Today


Score Distribution

Your Account Isn't Verified!

In order to create a playlist on Sporcle, you need to verify the email address you used during registration. Go to your Sporcle Settings to finish the process.

Report this User

Report this user for behavior that violates our Community Guidelines.

Details: